Giúp con phát triển năng khiếu
Zapisane w:
| 1. autor: | |
|---|---|
| Kolejni autorzy: | |
| Format: | Książka |
| Język: | Vietnamese |
| Wydane: |
H.
Nxb Phụ nữ
2002
|
| Etykiety: |
Dodaj etykietę
Nie ma etykietki, Dołącz pierwszą etykiete!
|
| Thư viện lưu trữ: | Mạng thư viện Đại học Đà Nẵng |
|---|
| LEADER | 00710nam a2200277 4500 | ||
|---|---|---|---|
| 001 | 000015285 | ||
| 003 | 11661 | ||
| 005 | 20120524160518.0 | ||
| 008 | 120524s2002 viesd | ||
| 020 | |c 40000 | ||
| 041 | 0 | |a vie | |
| 082 | |a 153.9 |b CA-A | ||
| 100 | 0 | |a CABEHKOB.A.И | |
| 245 | 0 | |a Giúp con phát triển năng khiếu |c Nguyễn Thị Thìn | |
| 260 | |a H. |b Nxb Phụ nữ |c 2002 | ||
| 300 | |a 391tr |c 21cm | ||
| 700 | |a Nguyễn Thị Thìn | ||
| 910 | |a ĐTCƯỜNG |d 13/07/2011 | ||
| OWN | |a LSP | ||
| 999 | |a From the UDN01 | ||
| TYP | |a Monograph | ||
| TYP | |a Printed language | ||
| 980 | |a Mạng thư viện Đại học Đà Nẵng | ||